| 000 | 00783nam a2200253Ia 4500 | ||
|---|---|---|---|
| 008 | 100315s9999 xx 000 0 und d | ||
| 020 | _a81-7040-662-5 | ||
| 040 | _cENGLISH | ||
| 082 |
_b2943 _a658.848 |
||
| 100 | _a"Rathor, B.S., Rathor, J.S. " | ||
| 245 | _aExport Marketing | ||
| 250 | _a3rd | ||
| 260 |
_aMumbai _bHimalaya Publishing House _c1993 |
||
| 300 | _a"XVI,754p. " | ||
| 365 |
_eRupees _d1 _b325.00 |
||
| 366 | _f0 | ||
| 505 | _gTushar Jadhav | ||
| 530 | _b- | ||
| 620 | _a"The Outlook for Export Marketing, Export Business Environment, Export Marketing Research, Institutional Infrastructure for Exports " | ||
| 630 | _aExport Marketing | ||
| 650 | _aExport Marketing | ||
| 730 | _aExport Marketing | ||
| 942 | _cBOOK | ||
| 999 |
_c477678 _d477675 |
||